000 00449nam a2200181Ia 4500
001 20203
005 20260306172749.0
008 260306t1989||||xx |||||||||||||| ||spa||
041 _aESP
082 _a343
_bC81 Nº 3
100 _aComisión Andina de Juristas
_eAUT
245 0 _aLecturas sobre temas constitucionales 3
260 _c1989
300 _a201 páginas :
_c21 cm.
650 _aGEN
654 _aCDE
942 _cLIB
_dJUS
_fJUS
_2ddc
_n
999 _c20203
_d20203